000 00953cam a22003371 4500
001 12245
003 BD-RjUL
005 20211208235248.0
008 140128s1966 nyua b 001 0 eng d
035 _a(OCoLC)ocm00269254
_a(BD-RjUL)12294
035 _a(BD-RjUL)
035 _a(NNC)1501853
040 _aDLC
_cDLC
_dBD-RjUL
_beng
041 _aeng
082 _a581.4
_216
_bMEF 1966
096 _aQK 641 M495f 1966
100 1 _aMeeuse, A. D. J.
_935269
245 1 0 _aFundamentals of phytomorphology /
_c[by] A. D. J. Meeuse.
260 _aNew York :
_bRonald ,
_c1966
300 _axi, 231 p. :
_billus. ;
_c24 cm.
500 _aIncludes index.
504 _aBibliography: p. 209-217.
650 0 _aPlant morphology.
_937553
650 0 _aAngiosperms.
_938009
650 2 _aBotany
_938010
650 2 _aPlants
_xanatomy & histology
_938011
942 _2ddc
_cBK
999 _c12245
_d12245